Architects by Work - Statistics

General Stats
  • This quiz has been taken 382 times
  • The average score is 4 of 16
Answer Stats
Landmark Architect % Correct
La Sagrada Familia Antoni Gaudi
86%
Solomon R. Guggenheim Museum Frank Lloyd Wright
69%
St Pauls Cathedral Christopher Wren
56%
Louvre Pyramid I.M. Pei
54%
Statue of Liberty Gustave Eiffel
42%
Wembley Stadium Norman Foster
28%
The Shard Renzo Piano
25%
Angel of the North Antony Gormley
14%
Burj Khalifa Adrian Smith
13%
CN Tower John Andrews
6%
Titanic Thomas Andrews
6%
The Whitehouse James Hoban
5%
Leaning Tower of Pisa Bonnano Pisano
4%
Christ the Redeemer Paul Landowski
4%
Brandenburg Gate Carl Gotthard Langhans
3%
Westminster Abbey Nicholas Hawksmoor
2%
No matching quizzes found
Score Distribution
Percent of People with Each Score
Percentile by Number Answered
Your Score History
You have not taken this quiz